[Event "57th World Juniors 2018"]
[Site "Manavgat TUR"]
[Date "2018.09.07"]
[Round "4.26"]
[White "Asadli, Vugar"]
[Black "Dobrovoljc, Vid"]
[Result "1/2-1/2"]
[WhiteTitle "IM"]
[BlackTitle "FM"]
[WhiteElo "2492"]
[BlackElo "2316"]
[WhiteFideId "13405764"]
[BlackFideId "14609843"]
[EventDate "2018.09.05"]

1. Nf3 Nf6 2. g3 g6 3. b3 Bg7 4. Bb2 d6 5. d4 c5 6. Bg2 cxd4 7. Nxd4 d5 8. O-O
O-O 9. c4 dxc4 10. Na3 cxb3 11. Qxb3 e5 12. Bxb7 Bxb7 13. Qxb7 Qd5 14. Qxd5 Nxd5
15. Nb3 Nc6 16. Nc4 Rfd8 17. Rfd1 Ndb4 18. Rxd8+ Rxd8 19. f3 Nc2 20. Rc1 N2d4
21. Nxd4 Nxd4 22. Kf2 Nc6 23. Ne3 Rc8 24. Nd5 Kf8 25. Nb4 Ne7 26. Rxc8+ Nxc8 27.
Nc6 f6 28. Ba3+ Ke8 29. Bc5 Bf8 30. Be3 a6 31. g4 Bd6 1/2-1/2

[Event "57th World Juniors 2018"]
[Site "Manavgat TUR"]
[Date "2018.09.07"]
[Round "4.27"]
[White "Sadikhov, Ulvi"]
[Black "Jogstad, Martin"]
[Result "1-0"]
[WhiteTitle "IM"]
[BlackTitle "FM"]
[WhiteElo "2491"]
[BlackElo "2305"]
[WhiteFideId "13401416"]
[BlackFideId "1715364"]
[EventDate "2018.09.05"]

1. e4 c5 2. Nf3 e6 3. d4 cxd4 4. Nxd4 Nc6 5. Nc3 Qc7 6. Qd3 Nf6 7. Ndb5 Qb8 8.
Qg3 d6 9. Be3 a6 10. Nd4 Nxd4 11. Bxd4 e5 12. Bb6 Be6 13. Be2 Be7 14. Qxg7 Rg8
15. Qh6 Rxg2 16. Qd2 Qc8 17. Bf3 Rg6 18. O-O-O Qc6 19. Be3 Ng4 20. Nd5 Nxe3 21.
fxe3 Bxd5 22. exd5 Qc5 23. Be4 Bg5 24. Rde1 Rg7 25. Bf5 Ke7 26. Qd3 Rag8 27. Kb1
Bf6 28. Bxh7 Rh8 29. Bf5 Rh4 30. h3 Rb4 31. c3 Rb5 32. Be4 Bh4 33. Reg1 Rxg1+
34. Rxg1 Bf2 35. Rf1 Bxe3 36. a4 Rb6 37. Ka2 a5 38. h4 Ra6 39. Rf3 Bf4 40. Qe2
Qg1 41. Bd3 Qg4 42. Bxa6 bxa6 43. Qf1 f5 44. Qh3 Qxh3 45. Rxh3 e4 46. Kb1 Kf6
47. Kc2 Ke5 48. h5 Bh6 49. Rg3 f4 50. Rg6 f3 51. Rxh6 f2 52. Re6+ Kf5 53. Re8 e3
54. Rf8+ Ke4 55. Kd1 Kd3 56. Rf3 1-0

[Event "57th World Juniors 2018"]
[Site "Manavgat TUR"]
[Date "2018.09.07"]
[Round "4.28"]
[White "Gavrilescu, David"]
[Black "Amartuvshin, Ganzorig"]
[Result "1-0"]
[WhiteTitle "FM"]
[BlackTitle "FM"]
[WhiteElo "2470"]
[BlackElo "2280"]
[WhiteFideId "1227190"]
[BlackFideId "4902548"]
[EventDate "2018.09.05"]

1. e4 c5 2. Nf3 e6 3. d4 cxd4 4. Nxd4 Nc6 5. Nc3 a6 6. Be3 Nf6 7. a3 d6 8. f4
Be7 9. Qf3 Bd7 10. O-O-O Qc7 11. Rg1 Rc8 12. g4 Nxd4 13. Bxd4 e5 14. Bf2 h5 15.
g5 Ng4 16. Bg3 h4 17. Be1 Nxh2 18. Qf2 Nxf1 19. Rxf1 Qc5 20. Qh2 h3 21. Nd5 Ba4
22. Bc3 Qb5 23. Rf3 Qd7 24. Rdd3 Qg4 25. Rg3 Qe6 26. Nb6 Rxc3 27. Rxc3 exf4 28.
Rxh3 Rxh3 29. Qxh3 Qxh3 30. Rxh3 Bc6 31. Rh8+ Bf8 32. Nd5 g6 33. Kd2 b5 34. Kd3
Bxd5 35. exd5 Ke7 36. Rg8 f6 37. gxf6+ Kf7 38. Rh8 a5 39. Ke4 g5 40. Kf3 1-0

[Event "57th World Juniors 2018"]
[Site "Manavgat TUR"]
[Date "2018.09.07"]
[Round "4.29"]
[White "Tarlabasi, Emirhan"]
[Black "Haldorsen, Benjamin"]
[Result "1/2-1/2"]
[BlackTitle "FM"]
[WhiteElo "2193"]
[BlackElo "2461"]
[WhiteFideId "6350275"]
[BlackFideId "1512633"]
[EventDate "2018.09.05"]

1. d4 d5 2. c4 dxc4 3. e3 Nf6 4. Nf3 b5 5. a4 b4 6. Bxc4 e6 7. a5 a6 8. O-O Be7
9. Nbd2 Bb7 10. Qe2 O-O 11. Rd1 Nbd7 12. Nb3 c5 13. dxc5 Qb8 14. c6 Bxc6 15.
Nbd4 Qb7 16. Nxc6 Qxc6 17. Bd2 Rfc8 18. Rdc1 Qb7 19. Ra4 h6 20. Qe1 Rab8 21. Qf1
Ra8 22. Qe1 Rab8 23. Qf1 Ra8 1/2-1/2

[Event "57th World Juniors 2018"]
[Site "Manavgat TUR"]
[Date "2018.09.07"]
[Round "4.30"]
[White "Liyanage, Ranindu Dilshan"]
[Black "Janik, Igor"]
[Result "0-1"]
[WhiteTitle "CM"]
[BlackTitle "IM"]
[WhiteElo "1989"]
[BlackElo "2447"]
[WhiteFideId "9915834"]
[BlackFideId "1159259"]
[EventDate "2018.09.05"]

1. e4 c6 2. d4 d5 3. e5 Bf5 4. Nf3 e6 5. Be2 c5 6. Be3 Qb6 7. Nc3 Nc6 8. Na4
Qa5+ 9. c3 cxd4 10. Nxd4 Nxd4 11. Bxd4 Ne7 12. Qb3 Qc7 13. Bb5+ Nc6 14. c4 dxc4
15. Qxc4 Be7 16. Rc1 Be4 17. O-O Bd5 18. Qd3 O-O 19. Nc3 Rfd8 20. Nxd5 Rxd5 21.
Bxc6 bxc6 22. Qc4 Rad8 23. Bc3 Qb6 24. Qg4 Bc5 25. b4 Bd4 26. Bxd4 Rxd4 27. Qf3
R8d5 28. Qc3 Rxb4 29. Qxc6 Qxc6 30. Rxc6 g5 31. Rc2 Rxe5 32. h3 Ra5 33. Rd1 Rba4
34. Rdd2 Kg7 35. f3 Kg6 36. Rc7 Rf5 37. Rdd7 a6 38. Rc2 h5 39. Ra7 a5 40. Rb2 g4
41. fxg4 hxg4 42. hxg4 Rxg4 43. Rc7 Rd4 44. Rb3 Rd1+ 45. Kh2 Rh5+ 46. Kg3 Rg5+
47. Kf3 Rf1+ 48. Ke2 Ra1 49. Rbb7 Rxa2+ 50. Kd3 Rf2 51. Rb8 Rgxg2 52. Rg8+ Kf6
53. Rf8 Kg7 0-1

[Event "57th World Juniors 2018"]
[Site "Manavgat TUR"]
[Date "2018.09.07"]
[Round "4.31"]
[White "Batsuren, Dambasuren"]
[Black "Nyambileg, Erdene-Ochir"]
[Result "1-0"]
[WhiteTitle "IM"]
[WhiteElo "2446"]
[BlackElo "1798"]
[WhiteFideId "4902920"]
[BlackFideId "4901932"]
[EventDate "2018.09.05"]

1. d4 Nf6 2. Nc3 g6 3. e4 d6 4. f4 Bg7 5. Nf3 O-O 6. Be3 c6 7. Bd3 Na6 8. h3 Nc7
9. O-O Rb8 10. a4 b6 11. Qd2 a6 12. e5 Nfd5 13. Nxd5 Nxd5 14. Bf2 b5 15. axb5
axb5 16. Bh4 Qc7 17. Rae1 c5 18. Be4 Bb7 19. f5 dxe5 20. dxe5 Rfd8 21. Qg5 Ra8
22. e6 f6 23. Qg4 g5 24. Bg3 Qb6 25. h4 h6 26. hxg5 hxg5 27. Qh5 c4+ 28. Bf2 Qc7
29. Qf7+ Kh8 30. g3 Rf8 31. Qh5+ 1-0

[Event "57th World Juniors 2018"]
[Site "Manavgat TUR"]
[Date "2018.09.07"]
[Round "4.32"]
[White "Tuncer, Tuna"]
[Black "Martinez Alcantara, Jose Eduardo"]
[Result "1-0"]
[WhiteTitle "FM"]
[BlackTitle "GM"]
[WhiteElo "2342"]
[BlackElo "2565"]
[WhiteFideId "6349269"]
[BlackFideId "3805662"]
[EventDate "2018.09.05"]

1. e4 c5 2. Nf3 d6 3. d4 Nf6 4. Nc3 cxd4 5. Nxd4 a6 6. Be2 e5 7. Nb3 Be7 8. Be3
O-O 9. O-O Be6 10. Qd3 Nbd7 11. Nd5 Bxd5 12. exd5 Ne8 13. a4 g6 14. a5 Ng7 15.
c4 Rc8 16. Bd2 Re8 17. f3 Nf5 18. Be1 Nc5 19. Nxc5 dxc5 20. Bf2 Bd6 21. Rfe1 h5
22. Bf1 Nd4 23. g3 f5 24. b4 Qf6 25. Rad1 h4 26. Kg2 hxg3 27. hxg3 Qg5 28. bxc5
Bxc5 29. Rxe5 Rxe5 30. f4 Qg4 31. fxe5 f4 32. Bxd4 Bxd4 33. Be2 Qg5 34. Qxd4
Qxg3+ 35. Kf1 f3 36. Bd3 Rf8 37. Qg1 Qh3+ 38. Kf2 Qh4+ 39. Qg3 Qd4+ 40. Kf1 Rf4
41. Qxg6+ Kf8 42. Qh6+ 1-0

[Event "57th World Juniors 2018"]
[Site "Manavgat TUR"]
[Date "2018.09.07"]
[Round "4.33"]
[White "Lobanov, Sergei"]
[Black "Sevgi, Volkan"]
[Result "1-0"]
[WhiteTitle "IM"]
[BlackTitle "FM"]
[WhiteElo "2535"]
[BlackElo "2323"]
[WhiteFideId "24183750"]
[BlackFideId "6325335"]
[EventDate "2018.09.05"]

1. e4 c5 2. Nf3 Nc6 3. d4 cxd4 4. Nxd4 e5 5. Nb5 d6 6. c4 a6 7. N5c3 Nf6 8. Be2
Be7 9. Be3 O-O 10. O-O Be6 11. Na3 Rc8 12. Qd2 Nd7 13. Nd5 Bxd5 14. exd5 Nd4 15.
Bxd4 exd4 16. Nc2 Qb6 17. Qxd4 Bf6 18. Qxb6 Nxb6 19. Ne3 Rfe8 20. Rab1 g6 21.
Bg4 Rc7 22. b3 Bg5 23. Rfe1 f5 24. Bf3 Rce7 25. Nc2 Rxe1+ 26. Nxe1 Nd7 27. Kf1
Nc5 28. Nc2 Bf6 29. Re1 Rxe1+ 30. Nxe1 Bc3 31. Ke2 Bxe1 32. Kxe1 a5 33. Kd2 Kf7
34. Kc3 Kf6 35. Kd4 h6 36. Bd1 g5 37. g3 f4 38. gxf4 gxf4 39. a3 b6 40. b4 axb4
41. axb4 Na6 42. Kc3 Kf5 43. f3 Kf6 44. Ba4 Ke5 45. Bd7 Kf6 46. Bc8 Nc7 47. Kd4
Ne8 48. h4 Kg6 49. Ke4 Nf6+ 50. Kxf4 b5 51. Ba6 bxc4 52. Bxc4 Nd7 53. Bd3+ Kf6
54. Bf5 Nb6 55. Be6 Nc4 56. Ke4 Ke7 57. Kf5 Ne5 58. f4 Nd3 59. b5 Ke8 60. b6 Kd8
61. h5 1-0

[Event "57th World Juniors 2018"]
[Site "Manavgat TUR"]
[Date "2018.09.07"]
[Round "4.34"]
[White "Tutisani, Noe"]
[Black "Suleymenov, Alisher"]
[Result "1-0"]
[WhiteTitle "IM"]
[BlackTitle "FM"]
[WhiteElo "2471"]
[BlackElo "2307"]
[WhiteFideId "13602853"]
[BlackFideId "13707833"]
[EventDate "2018.09.05"]

1. e4 c5 2. Nf3 Nc6 3. d4 cxd4 4. Nxd4 Nf6 5. Nc3 d6 6. Bg5 Bd7 7. Qd2 Rc8 8.
O-O-O Nxd4 9. Qxd4 Qa5 10. Bd2 e5 11. Qd3 a6 12. a3 Be6 13. f3 Qc7 14. g4 Be7
15. g5 Nd7 16. Nd5 Bxd5 17. exd5 Nc5 18. Qc3 Qb6 19. b4 O-O 20. bxc5 Rxc5 21.
Qb2 Qd8 22. h4 Rxd5 23. Bd3 Rd4 24. Bc3 Ra4 25. Qb3 b5 26. Be4 Qc8 27. Bb2 Qe6
28. Kb1 Rc8 29. Qd3 g6 30. h5 Kg7 31. hxg6 hxg6 32. f4 Rxe4 33. Qxe4 Rc4 34. Qe3
Qf5 35. fxe5 Qxc2+ 36. Ka1 1-0

[Event "57th World Juniors 2018"]
[Site "Manavgat TUR"]
[Date "2018.09.07"]
[Round "4.35"]
[White "Barseghyan, Harutyun"]
[Black "Taalaibekov, Tagir"]
[Result "1-0"]
[WhiteTitle "IM"]
[WhiteElo "2466"]
[BlackElo "2291"]
[WhiteFideId "13304585"]
[BlackFideId "13801163"]
[EventDate "2018.09.05"]

1. d4 Nf6 2. c4 e6 3. Nc3 Bb4 4. Qc2 d6 5. a3 Bxc3+ 6. Qxc3 a5 7. b3 b6 8. Nf3
Bb7 9. e3 Nbd7 10. Bb2 Ne4 11. Qc2 f5 12. Be2 Ndf6 13. Rd1 Nxf2 14. Kxf2 Ng4+
15. Kg1 Nxe3 16. Qd2 Nxd1 17. Bxd1 O-O 18. Kf2 Qf6 19. Qg5 Qf7 20. h4 h6 21. Qf4
Rad8 22. h5 c5 23. Nh4 Be4 24. Ng6 Rfe8 25. Bf3 Bxf3 26. gxf3 b5 27. Rd1 bxc4
28. dxc5 e5 29. Qxc4 d5 30. Qd3 d4 31. Qc4 Rb8 32. Qxf7+ Kxf7 33. f4 Rxb3 34.
Ba1 exf4 35. Bxd4 Rd8 36. c6 Rc8 37. Re1 Rc7 38. Rc1 Rxa3 39. Be5 Rc8 40. c7 Rd3
41. Nxf4 Rd7 42. Rc5 a4 43. Nd5 a3 44. Nb6 Rdxc7 45. Rxc7+ Rxc7 46. Bxc7 Kf6 47.
Nc4 a2 48. Be5+ Kg5 49. Bxg7 Kxh5 50. Kf3 Kg6 51. Ba1 Kf7 52. Ne5+ Ke6 53. Nd3
h5 54. Nb4 h4 55. Nxa2 Kd5 56. Nc3+ Kc4 57. Ne2 Kd3 58. Nf4+ Kc4 59. Bf6 h3 60.
Nxh3 Kd5 61. Kf4 Ke6 62. Be5 Kd5 63. Kxf5 Kc6 64. Nf4 Kc5 65. Ke6 Kc6 66. Bd6
Kb6 67. Nd3 Kb5 68. Kd5 Kb6 69. Ne5 Kb7 70. Kc5 Ka6 71. Nc4 Kb7 72. Kb5 Ka7 73.
Bc7 Kb7 74. Bb6 Kc8 75. Kc6 Kb8 76. Ne3 Ka8 77. Nd5 Kb8 78. Nc7 Kc8 79. Ba7 Kd8
80. Nd5 Ke8 81. Bd4 Kf7 82. Nf4 Ke7 83. Kc7 Ke8 84. Bf6 Kf7 85. Bh4 Ke8 86. Bg5
Kf7 87. Kd7 Kf8 88. Bh4 Kf7 89. Be7 Kg7 90. Ke6 Kh6 91. Kf7 Kh7 92. Bf8 Kh8 93.
Ne6 1-0

[Event "57th World Juniors 2018"]
[Site "Manavgat TUR"]
[Date "2018.09.07"]
[Round "4.36"]
[White "Agibileg, Uurtsaikh"]
[Black "Escalante Ramirez, Brian Sebasti"]
[Result "1-0"]
[BlackTitle "IM"]
[WhiteElo "2321"]
[BlackElo "2436"]
[WhiteFideId "4901606"]
[BlackFideId "3819566"]
[EventDate "2018.09.05"]

1. d4 Nf6 2. c4 c5 3. d5 e6 4. Nc3 exd5 5. cxd5 d6 6. e4 g6 7. h3 Bg7 8. Nf3 O-O
9. Bd3 Re8 10. O-O a6 11. a4 Nbd7 12. Re1 Qc7 13. Qe2 h6 14. Bf4 g5 15. Bh2 Nh7
16. Rac1 Nhf8 17. b4 Ng6 18. a5 Qb8 19. Na4 cxb4 20. Qd2 b5 21. axb6 a5 22. Bb5
Rd8 23. Nd4 Bxd4 24. Qxd4 Nde5 25. Qe3 Bd7 26. Qe2 Bxb5 27. Qxb5 Ra7 28. Re2 Nf4
29. Bxf4 gxf4 30. Rec2 Rb7 31. Rc7 Kh8 32. Qa6 1-0

[Event "57th World Juniors 2018"]
[Site "Manavgat TUR"]
[Date "2018.09.07"]
[Round "4.37"]
[White "Sibashvili, Giorgi"]
[Black "Garidmagnai, Byambasuren"]
[Result "1-0"]
[WhiteTitle "IM"]
[BlackTitle "FM"]
[WhiteElo "2425"]
[BlackElo "2287"]
[WhiteFideId "13602799"]
[BlackFideId "4902963"]
[EventDate "2018.09.05"]

1. d4 Nf6 2. c4 g6 3. Nc3 Bg7 4. e4 d6 5. Nf3 O-O 6. h3 e5 7. d5 Nbd7 8. Bg5 a5
9. g4 Nc5 10. Qc2 Bd7 11. Be2 Qb8 12. Be3 c6 13. Nxe5 cxd5 14. Nxd7 Nfxd7 15.
Nxd5 Re8 16. f3 Ne5 17. g5 Nc6 18. Qd2 Qd8 19. Rd1 a4 20. h4 a3 21. b4 Na4 22.
h5 Ne5 23. hxg6 hxg6 24. Kf2 Nc6 25. Rh2 Ne7 26. Nf6+ Bxf6 27. gxf6 Nc6 28. Bd4
Nxd4 29. Rh8+ 1-0

[Event "57th World Juniors 2018"]
[Site "Manavgat TUR"]
[Date "2018.09.07"]
[Round "4.38"]
[White "Zhao, Chenxi"]
[Black "Raja, Harshit"]
[Result "0-1"]
[BlackTitle "IM"]
[WhiteElo "2275"]
[BlackElo "2419"]
[WhiteFideId "8611513"]
[BlackFideId "5089000"]
[EventDate "2018.09.05"]

1. e4 c5 2. Nf3 d6 3. d4 cxd4 4. Qxd4 Nc6 5. Bb5 Bd7 6. Qd3 g6 7. O-O Bg7 8. c4
Nf6 9. Nc3 O-O 10. h3 a6 11. Bxc6 Bxc6 12. Nd4 Nd7 13. Be3 Rc8 14. a4 Qa5 15. b3
Qe5 16. f4 Qa5 17. Rab1 Nc5 18. Qc2 Ne6 19. Qd2 Nxd4 20. Bxd4 Bxd4+ 21. Qxd4 Qb4
22. Rfd1 Rfd8 23. Kh2 Qc5 24. Qd3 Qb4 25. Qd4 Rd7 26. Rd3 b6 27. h4 Qc5 28. Rbd1
Rb7 29. f5 Qxd4 30. Rxd4 f6 31. Nd5 b5 32. cxb5 Bxd5 33. Rxd5 axb5 34. a5 b4 35.
Ra1 Kf7 36. fxg6+ hxg6 37. Ra2 Rc3 38. a6 Ra7 39. Rb5 Rxb3 40. g4 Rb1 41. Rb7 b3
42. Ra4 b2 43. Rab4 Rxa6 44. Rxb2 Re1 45. R7b4 Raa1 46. Kg3 Ra3+ 47. Kh2 Ree3
48. Kg1 Rh3 49. Rh2 Rag3+ 50. Kf2 Rf3+ 51. Ke2 Re3+ 0-1

[Event "57th World Juniors 2018"]
[Site "Manavgat TUR"]
[Date "2018.09.07"]
[Round "4.39"]
[White "Gokerkan, Cem Kaan"]
[Black "Nogerbek, Kazybek"]
[Result "1/2-1/2"]
[WhiteTitle "IM"]
[BlackTitle "FM"]
[WhiteElo "2416"]
[BlackElo "2261"]
[WhiteFideId "6336760"]
[BlackFideId "13710427"]
[EventDate "2018.09.05"]

1. e4 e6 2. d3 d5 3. Nd2 c5 4. g3 Nc6 5. Bg2 Nge7 6. h4 e5 7. Nh3 g6 8. h5 d4 9.
O-O Bg7 10. f4 O-O 11. Nf3 Bg4 12. Nf2 Qd7 13. f5 gxh5 14. Nxg4 hxg4 15. Nh2 f6
16. Qxg4 Kh8 17. Qh5 Ng8 18. Ng4 Qf7 19. Qh4 c4 20. Rf2 cxd3 21. Bf1 Rfc8 22.
Rh2 Bf8 23. a3 Na5 24. Bxd3 Rc6 25. b3 Rac8 26. Bd2 b6 27. Bxa5 bxa5 28. Bc4 Qg7
29. a4 Be7 30. Kg2 Rxc4 31. bxc4 Rxc4 32. Kh1 Rc3 33. Rb1 Bb4 34. Rf1 Be7 35.
Rb1 Bb4 36. Rf1 Be7 37. Qh5 Ra3 38. Qg6 Bf8 39. Kg2 Ra2 40. Kf3 Ra3+ 41. Kg2 Ra2
42. Rh4 Rxc2+ 43. Kh3 Rc8 44. Rb1 Bb4 45. Rd1 Bf8 46. Rb1 Bb4 47. Rd1 Bf8 48.
Qh5 Bb4 49. Nf2 Bf8 50. Rb1 Nh6 51. Kg2 Qf7 52. Rbh1 Qxh5 53. Rxh5 Nf7 54. Rxh7+
Kg8 55. R7h2 Rc2 56. Kh3 Bh6 1/2-1/2

[Event "57th World Juniors 2018"]
[Site "Manavgat TUR"]
[Date "2018.09.07"]
[Round "4.41"]
[White "Kilic, Efe Mert"]
[Black "Muradli, Mahammad"]
[Result "0-1"]
[WhiteTitle "FM"]
[BlackTitle "IM"]
[WhiteElo "2269"]
[BlackElo "2407"]
[WhiteFideId "6354327"]
[BlackFideId "13409301"]
[EventDate "2018.09.05"]

1. e4 c5 2. Nf3 d6 3. d4 cxd4 4. Nxd4 Nf6 5. Nc3 a6 6. h4 e5 7. Nb3 Be6 8. Bg5
Nbd7 9. g3 Be7 10. Qd2 b5 11. Bg2 O-O 12. O-O-O b4 13. Nd5 Bxd5 14. exd5 a5 15.
Kb1 Qc7 16. f4 a4 17. Nc1 Rfc8 18. Rhe1 a3 19. b3 h6 20. Bxh6 gxh6 21. fxe5 Nxe5
22. Rxe5 dxe5 23. d6 Qxd6 24. Qxd6 Bxd6 25. Rxd6 Ne8 26. Rxh6 Rab8 27. Nd3 Kg7
28. Ra6 Nc7 29. Ra7 Nb5 30. Re7 Nc3+ 31. Kc1 Nxa2+ 32. Kd2 Nc3 33. Rxe5 a2 34.
Ra5 Rb5 35. Ra7 Rc7 36. Ra6 Re7 37. Bf3 Rf5 38. Bg4 Rf1 0-1

[Event "57th World Juniors 2018"]
[Site "Manavgat TUR"]
[Date "2018.09.07"]
[Round "4.43"]
[White "Macovei, Andrei"]
[Black "Kamer, Kayra"]
[Result "0-1"]
[WhiteTitle "FM"]
[WhiteElo "2385"]
[BlackElo "2205"]
[WhiteFideId "13904680"]
[BlackFideId "6367879"]
[EventDate "2018.09.05"]

1. e4 c5 2. Nf3 e6 3. d4 cxd4 4. Nxd4 a6 5. Nc3 Qc7 6. Bd3 Nf6 7. f4 d6 8. Qf3
Be7 9. Be3 Nbd7 10. g4 Nc5 11. g5 Nfd7 12. O-O-O b5 13. Kb1 Bb7 14. a3 Rb8 15.
h4 Ba8 16. h5 b4 17. axb4 Rxb4 18. Na2 Rb8 19. Bc1 f5 20. gxf6 Bxf6 21. Qe3 Qb6
22. Rhe1 O-O 23. f5 exf5 24. Bc4+ Kh8 25. exf5 Ne5 26. Be6 Rfe8 27. h6 Nc4 28.
hxg7+ Bxg7 29. Qc3 Na4 30. Qb3 Naxb2 31. Bxc4 Rxe1 32. Rxe1 Nxc4 33. Qxb6 Rxb6+
34. Nb3 Be5 35. Bh6 Kg8 36. Rg1+ Kf7 37. Rg4 Bd5 38. Kc1 a5 39. Nd4 a4 40. Nc3
a3 41. Nde2 Rb2 0-1

[Event "57th World Juniors 2018"]
[Site "Manavgat TUR"]
[Date "2018.09.07"]
[Round "4.44"]
[White "Wong, Yinn Long"]
[Black "Gorshtein, Ido"]
[Result "0-1"]
[WhiteTitle "FM"]
[BlackTitle "FM"]
[WhiteElo "2261"]
[BlackElo "2383"]
[WhiteFideId "5707684"]
[BlackFideId "2815532"]
[EventDate "2018.09.05"]

1. e4 c6 2. d4 d5 3. exd5 cxd5 4. Bd3 Nc6 5. c3 Qc7 6. Ne2 Bg4 7. Na3 e6 8. Nb5
Qd7 9. Bf4 Rc8 10. a4 Nf6 11. O-O Bh5 12. Re1 Bg6 13. Nc1 a6 14. Na3 Nh5 15. Bg5
Be7 16. Qd2 Bd6 17. g3 Nf6 18. f3 Qc7 19. Kg2 Ne7 20. Ne2 Bxd3 21. Qxd3 h5 22.
Nc2 Kf8 23. Ne3 Ng6 24. Bxf6 gxf6 25. f4 f5 26. Rf1 Kg7 27. h4 Qb6 28. b3 Qc6
29. Kh2 b5 30. axb5 axb5 31. Rac1 Ne7 32. c4 bxc4 33. bxc4 dxc4 34. Rxc4 Qe4 35.
Qxe4 fxe4 36. Kg2 Nd5 37. Nxd5 Rxc4 38. Ne3 Ra4 39. f5 Rb8 40. fxe6 fxe6 41. Rf2
Rb3 42. Nd1 Raa3 43. Kh3 Rxg3+ 44. Nxg3 Rxg3+ 45. Kh2 Rd3+ 46. Kg2 Rxd1 47. Kh3
Rd3+ 48. Kg2 e3 0-1

[Event "57th World Juniors 2018"]
[Site "Manavgat TUR"]
[Date "2018.09.07"]
[Round "4.47"]
[White "Baenziger, Fabian"]
[Black "Piyumantha, M Sasith Nipun"]
[Result "1-0"]
[WhiteTitle "IM"]
[BlackTitle "FM"]
[WhiteElo "2360"]
[BlackElo "2139"]
[WhiteFideId "1330110"]
[BlackFideId "9916148"]
[EventDate "2018.09.05"]

1. d4 Nf6 2. c4 e6 3. g3 c5 4. Nf3 cxd4 5. Nxd4 d5 6. Bg2 e5 7. Nf3 d4 8. O-O
Nc6 9. e3 Be7 10. exd4 exd4 11. Bf4 Be6 12. Nbd2 O-O 13. Re1 Qb6 14. a3 Qxb2 15.
Rb1 Qxa3 16. Rxb7 Bb4 17. Ng5 Bg4 18. Qb1 Bxd2 19. Bxd2 Qa4 20. Ne4 Rac8 21.
Nxf6+ gxf6 22. Qe4 Ne5 23. Qf4 Rfe8 24. Bd5 Be6 25. Rxe5 fxe5 26. Qg5+ Kh8 27.
Qf6+ Kg8 28. Bxe6 1-0

[Event "57th World Juniors 2018"]
[Site "Manavgat TUR"]
[Date "2018.09.07"]
[Round "4.49"]
[White "Schitco, Ivan"]
[Black "Akin, Kadir"]
[Result "1-0"]
[WhiteTitle "FM"]
[WhiteElo "2358"]
[BlackElo "1974"]
[WhiteFideId "13905465"]
[BlackFideId "6348874"]
[EventDate "2018.09.05"]

1. d4 Nf6 2. c4 e6 3. g3 d5 4. Bg2 Be7 5. Nf3 O-O 6. O-O dxc4 7. Ne5 c5 8. dxc5
Bxc5 9. Nxc4 Nc6 10. Nc3 a6 11. Bf4 Ra7 12. Na4 Qe7 13. Nxc5 Qxc5 14. Bd6 Qxc4
15. Bxf8 Kxf8 16. Rc1 Qb5 17. Bxc6 bxc6 18. Qd8+ Ne8 19. Qxc8 Rc7 20. Qd8 Qxb2
21. Qd3 Qb5 22. Qxh7 Qxe2 23. Rc2 Qf3 24. Qh8+ Ke7 25. Qh4+ f6 26. Rfc1 Rd7 27.
Qb4+ Kf7 28. Qc4 Rd6 29. Rc3 Qf5 30. Qxa6 Rd2 31. Qa7+ Kg6 32. a4 Nd6 33. Qc5 e5
34. Qe3 Ra2 35. Ra3 Rb2 36. Qd3 e4 37. Qd4 Re2 38. Rf1 Nf7 39. Qc4 Rd2 40. Qb4
Rc2 41. Qb3 Rd2 42. g4 Qxg4+ 43. Qg3 Kh5 44. Qxg4+ Kxg4 45. f3+ exf3 46. Rfxf3
Ng5 47. h3+ Kh5 48. Rfd3 Rb2 49. a5 Ne4 50. a6 Rb1+ 51. Kg2 Rb2+ 52. Kf3 Nd2+
53. Rxd2 1-0

[Event "57th World Juniors 2018"]
[Site "Manavgat TUR"]
[Date "2018.09.07"]
[Round "4.50"]
[White "Arcuti, Davide"]
[Black "Gulden, Egemen"]
[Result "1-0"]
[WhiteTitle "FM"]
[BlackTitle "CM"]
[WhiteElo "2356"]
[BlackElo "2068"]
[WhiteFideId "1323725"]
[BlackFideId "6324983"]
[EventDate "2018.09.05"]

1. d4 Nf6 2. c4 g6 3. Nc3 Bg7 4. e4 d6 5. h3 O-O 6. Be3 c5 7. d5 e6 8. Bd3 exd5
9. exd5 Nfd7 10. Nf3 Na6 11. O-O Nc7 12. Qd2 f5 13. Rae1 Ne5 14. Nxe5 Bxe5 15.
Bg5 Bf6 16. h4 Bxg5 17. Qxg5 Qxg5 18. hxg5 Bd7 19. f4 Rae8 20. Rd1 Re7 21. Kf2
Rb8 22. a4 a5 23. Rh1 b6 24. Rh6 Rf8 25. Rdh1 Rg7 26. b3 Rff7 27. Nd1 Ne8 28.
Ne3 Bc8 29. g3 Bd7 30. Ke2 Bc8 31. Kd2 Bd7 32. Ng2 Kf8 33. Be2 Bc8 34. Ne3 Bd7
35. R1h4 Ke7 36. Bd3 Bc8 37. Ke2 Bd7 38. Kf3 Kd8 39. Rh2 Ke7 40. Rh1 Kd8 41. g4
Ke7 42. gxf5 gxf5 43. Kf2 Kf8 44. Be2 Re7 45. Ng2 Kg8 46. Bh5 Re4 47. Bxe8 Bxe8
48. Rxd6 Rge7 49. Re1 Rxe1 50. Nxe1 Bh5 51. Rxb6 Re2+ 52. Kf1 Re4 53. Ng2 Bd1
54. Rb5 Rd4 55. Ne3 Rxf4+ 56. Kg2 Bh5 57. Rxc5 Rf3 58. d6 1-0

[Event "57th World Juniors 2018"]
[Site "Manavgat TUR"]
[Date "2018.09.07"]
[Round "4.51"]
[White "Eren, Ataberk"]
[Black "Kalogeris, Ioannis"]
[Result "0-1"]
[WhiteElo "2180"]
[BlackElo "2352"]
[WhiteFideId "6349765"]
[BlackFideId "4239563"]
[EventDate "2018.09.05"]

1. e4 c5 2. Nf3 e6 3. d4 cxd4 4. Nxd4 Nc6 5. Nc3 Qc7 6. g3 a6 7. Bg2 d6 8. O-O
Bd7 9. Re1 Nf6 10. Bg5 Be7 11. Nb3 h6 12. Be3 Ne5 13. a4 Nc4 14. Bc1 O-O 15. Nd4
Rab8 16. b3 Rfc8 17. Qd3 Na5 18. Bd2 Ng4 19. f4 Nc6 20. h3 Nb4 21. Qf3 Qb6 22.
Ne2 Nxc2 23. a5 Nxd4 24. axb6 Nxf3+ 25. Bxf3 Nf6 26. Bb4 Kf8 27. Rad1 Ne8 28. g4
Ra8 29. Ba5 Bh4 30. Rf1 Bb5 31. e5 d5 32. f5 Kg8 33. fxe6 fxe6 34. Nf4 Bxf1 35.
Rxf1 Rc5 36. b4 Rb5 37. Be2 Bg3 38. Ng6 Nd6 39. Ne7+ Kh7 40. exd6 Bxd6 41. Bd3+
Kh8 42. Bxb5 axb5 43. Rf7 Kh7 44. Kf2 Rd8 45. Ke3 Rd7 46. Nf5 Bf4+ 47. Kxf4 Rxf7
48. Ke5 exf5 49. gxf5 Rd7 50. Kd4 Kg8 0-1